O koncepciu s perspektívou

Bibliographic Details
Main Author: Lajcha, Ladislav, 1932-2018 (Author)
Format: Article
Language:Slovak
Subjects:

MARC

LEADER 00000cab a2200000 4500
001 vtls011514976
003 SK-MaSNL
005 20260303203027.0
008 230704|1962 xo |||||||||||||||||slo|
015 |a SNBRB 
035 |a (urnnbn)urn:nbn:sk:snk:ar-001gx9 
035 |a (uuid)7c5da255-a9c4-417e-bf75-542e91400bca 
035 |a urn:nbn:sk:snk-abe4py 
040 |a SNKBUCL  |b slo  |c SNKBUCL  |e AACR2 
041 0 |a slo 
044 |a xo  |c SK 
080 |a (048.8)  |2 2011 
080 |a 792  |2 2011 
100 1 |a Lajcha, Ladislav,  |d 1932-2018  |4 aut  |9 15109 
245 1 0 |a O koncepciu s perspektívou  |c Ladislav Lajcha 
610 2 7 |a Slovenské národné divadlo.  |b Činohra  |2 SNKKA  |9 32459 
650 0 7 |a slovenské divadlo  |2 SNKPH  |9 3370 
650 0 7 |a koncepcia  |2 SNKPH  |9 528106 
655 7 |a štúdie  |2 SNKPH  |9 57033 
773 0 |t Slovenské pohľady  |g Roč. 78, č. 7 (1962), s. 40-43 
850 |a Slovenská národná knižnica 
852 |a Slovenská národná knižnica 
954 |a odborná, vedecká literatúra pôvodná (slovenská)  |2 lita 
958 |a LX 
958 |a BX 
958 |a OND 
958 |a EUIPO 
958 |a article21 
999 |c 2183249  |d 2185179